SUPREME COURT ELECTION PETITION No.26 of 2007 Sitenda Sebalu Vs1. Sam.K. Njuba 2. The Electoral Commission. (Record no. 2839)
[ view plain ]
| 000 -LEADER | |
|---|---|
| fixed length control field | 00553nam a22001097a 4500 |
| 008 - FIXED-LENGTH DATA ELEMENTS--GENERAL INFORMATION | |
| fixed length control field | 110614t xxu||||| |||| 00| 0 eng d |
| 010 ## - LIBRARY OF CONGRESS CONTROL NUMBER | |
| LC control number | SCCAF:37 |
| 245 ## - TITLE STATEMENT | |
| Title | SUPREME COURT ELECTION PETITION No.26 of 2007 Sitenda Sebalu Vs1. Sam.K. Njuba 2. The Electoral Commission. |
| 260 ## - PUBLICATION, DISTRIBUTION, ETC. (IMPRINT) | |
| Place of publication, distribution, etc | Supreme Court Mengo |
| 500 ## - GENERAL NOTE | |
| General note | [Appeal from decision of the Court of Appeal (Okello,Twinomujuni &Kitumba JJ.A) at kampala in Election Peition Appeal No. 7 of 2007 dated 1st November 2007] |
| 500 ## - GENERAL NOTE | |
| General note | CORAM; ODOKI C.J., TSEKOOKO, MULENGA, KANYEIHAMBA, AND KATUREEBE JJ.S.C. |
| Withdrawn status | Lost status | Source of classification or shelving scheme | Damaged status | Koha normalized classification for sorting | Not for loan | Location (home branch) | Sublocation or collection (holding branch) | Shelving location | Date acquired | Koha issues (times borrowed) | Koha full call number | Piece designation (barcode) | Koha date last seen | Price effective from | Koha item type | Public note |
|---|---|---|---|---|---|---|---|---|---|---|---|---|---|---|---|---|
| Dewey Decimal Classification | SCEPAF_000000000000000__37 | Law Development Centre Main Library | Law Development Centre Main Library | Reference | 06/05/2015 | SCEPAF: 37 | 0065/2015 | 06/05/2015 | 06/05/2015 | Un Reported Cases | judgement entered on 22/05/2008 | |||||
| Dewey Decimal Classification | SCEOAF_37 | Law Development Centre Main Library | Law Development Centre Main Library | Law Reports | 07/16/2019 | SCEOAF:37 | 534/2019 | 07/16/2019 | 07/16/2019 | Un Reported Cases | JUDGEMENT WAS ENTERED ON22ND OF MAY 2008 | |||||
| Dewey Decimal Classification | SCEPTF_37 | Law Development Centre Main Library | Law Development Centre Main Library | Law Reports | 07/16/2019 | SCEPTF:37 | 535/2019 | 07/16/2019 | 07/16/2019 | Un Reported Cases | JUDGEMENT WA ENTERED ON 22ND OF MAY 2008 |
